Psychologie budoucnosti : poznatky a poučení z moderního výzkumu vědomí /
Uložené v:
| Hlavný autor: | |
|---|---|
| Ďalší autori: | |
| Médium: | Kniha |
| Jazyk: | Czech English |
| Vydané: |
Praha :
Argo,
2014.
|
| Vydanie: | Vyd. 3., V Argu 2. |
| Témy: | |
| ISBN: |
9788025713105 (brož.) |
| Fyzický popis: |
390 s. : il. ; 23 cm. |
| Tagy: |
Pridať tag
Žiadne tagy, Buďte prvý kto otaguje tento záznam!
|
Titul je dostupný aj v ... 

MARC
| LEADER | 00000nam a2200000 a 4500 | ||
|---|---|---|---|
| 001 | 000458921 | ||
| 005 | 20150518135353.0 | ||
| 008 | 141209s2014 xr a e 001 0 cze d | ||
| 020 | |a 9788025713105 (brož.) | ||
| 040 | |a SVKKK |b slo |c SVKKK |e AACR2 | ||
| 041 | 1 | |a cze |h eng | |
| 044 | |a xr |c CZ | ||
| 072 | 7 | |a 159.9 |x Psychológia |2 konspekt | |
| 080 | |a 159.9.019 |2 2001 | ||
| 080 | |a 159.961 |2 2001 | ||
| 080 | |a 615.851:615.214 |2 2001 | ||
| 080 | |a 615.851 |2 2001 | ||
| 080 | |a 159.9 |2 2001 | ||
| 080 | |a 101 |2 2001 | ||
| 080 | |a 165-028.82 |2 2001 | ||
| 080 | |a (048.8) |2 2001 | ||
| 100 | 1 | |a Grof, Stanislav, |d 1931- | |
| 240 | 1 | 0 | |a Psychology of the future. |l Česky |
| 245 | 1 | 0 | |a Psychologie budoucnosti : |b poznatky a poučení z moderního výzkumu vědomí / |c Stanislav Grof ; [přeložil Jaroslav Gorčák]. |
| 250 | |a Vyd. 3., V Argu 2. | ||
| 260 | |a Praha : |b Argo, |c 2014. | ||
| 300 | |a 390 s. : |b il. ; |c 23 cm. | ||
| 500 | |a Preklad z angl. orig. | ||
| 500 | |a Údaj o prekl. prevzatý z rubu titul. strany | ||
| 504 | |a Bibliografia: s. 369-377; register: s. 379-390 | ||
| 650 | 0 | 7 | |a transpersonálna psychológia |2 SVKKKPH |
| 650 | 0 | 7 | |a rozšírené vedomie |2 SVKKKPH |
| 650 | 0 | 7 | |a LSD terapia |2 SVKKKPH |
| 650 | 0 | 7 | |a holotropná terapia |2 SVKKKPH |
| 650 | 0 | 7 | |a psychológia |x filozofické aspekty |2 SVKKKPH |
| 650 | 0 | 7 | |a nová paradigma |2 SVKKKPH |
| 655 | 7 | |a štúdie |2 SVKKKPH | |
| 700 | 1 | |a Gorčák, Jaroslav |4 trl | |
| 765 | 0 | |t Psychology of the future. Česky |a Grof, Stanislav, 1931- | |
| 910 | |a svkkk | ||
| 919 | |a 978-80-257-1310-5 | ||
| 998 | |a BK | ||
| 090 | |g SCKHL |k Sklad Hlavná 10 prízemie |a IV.222698 |j 1060903 |i 2720326926 |n poškodená väzba |s Absenčne | ||